| Tag |
First Indicator |
Second Indicator |
Subfields |
| LEADER |
00000cam a2200000 a 4500 |
| 001 |
in00000776205 |
| 005 |
20151017055308.0 |
| 008 |
850201s1973 onc b f00010 eng d |
| 035 |
|
|
|a (OCoLC)11647550
|
| 035 |
|
|
|9 ADM0801AM
|
| 040 |
|
|
|a CBT
|c CBT
|d TXA
|d UtOrBLW
|
| 049 |
1 |
|
|a TXA2
|
| 090 |
|
|
|a TL235
|b .M5 1973
|
| 100 |
1 |
|
|a Mikulcik, E. C.
|
| 245 |
1 |
0 |
|a Hitch and stability problems in vehicle trains :
|b a report /
|c by E.C. Mikulcik.
|
| 264 |
|
1 |
|a Ottawa, Ont. :
|b Transport Canada, Road Safety,
|c 1973.
|
| 300 |
|
|
|a iii, 37 pages ;
|c 28 cm.
|
| 336 |
|
|
|a text
|b txt
|2 rdacontent
|
| 337 |
|
|
|a unmediated
|b n
|2 rdamedia
|
| 338 |
|
|
|a volume
|b nc
|2 rdacarrier
|
| 490 |
1 |
|
|a Canada. Road and Motor Vehicle Traffic Safety Branch. Report ;
|v no. CR-7502
|
| 500 |
|
|
|a "November 6, 1973."
|
| 504 |
|
|
|a Bibliographical references: pages 34-35.
|
| 650 |
|
0 |
|a Tractor trailer combinations.
|
| 650 |
|
0 |
|a Truck trailers.
|
| 710 |
1 |
|
|a Canada.
|b Road and Motor Vehicle Traffic Safety Branch.
|
| 830 |
|
0 |
|a Report (Canada. Road and Motor Vehicle Traffic Safety Branch) ;
|v no. CR-7502.
|
| 999 |
|
|
|a MARS
|
| 999 |
f |
f |
|s 65d1ddae-06d3-3c49-a72d-433cb768b8ee
|i 06f2cd29-6776-3052-b4b1-b1e1d39ae0cf
|t 0
|
| 952 |
f |
f |
|p ric
|a Texas A&M University
|b Rellis Campus
|c Joint Library Facility
|d Remote Storage
|t 0
|e TL235 .M5 1973
|h Library of Congress classification
|i unmediated -- volume
|m A14811471716
|
| 998 |
f |
f |
|a TL235 .M5 1973
|t 0
|l Remote Storage
|